Desobediencia civil

Gespeichert in:
Bibliographische Detailangaben
1. Verfasser: Thoreau, Henry David (VerfasserIn)
Format: Buch
Sprache:Spanisch
Veröffentlicht: Buenos Aires Leviatán 2006
Schlagworte:
Tags: Tag hinzufügen
Keine Tags, Fügen Sie den ersten Tag hinzu!

MARC

LEADER 00000cam a2200000 a 4500
001 UCF2890
003 CL-VaPUC
008 120910e20060000AG |||||||||||||||||spa|d
020 |a 9789875141148 
082 0 4 |a 814  |b THO  |2 21 
100 0 |a Thoreau, Henry David  |e author  |9 564724 
245 1 0 |a Desobediencia civil 
300 |a 80 p 
942 |c BK 
945 |d 20120910 00:00:00  |a dcastane 
260 |a Buenos Aires  |b Leviatán  |c 2006 
650 0 |a Literatura estadounidense  |9 317168 
650 0 |a Ensayos estadounidenses  |9 268384 
650 0 |a Derechos civiles  |9 255655 
583 |a last modification  |c 20120910 11:39:00  |k Rodrigo Vera 
999 |c 349428  |d 349426 
952 |0 0  |1 0  |4 0  |6 814_000000000000000_THO_2006  |7 0  |8 A  |9 452039  |a BIBEDU  |b BIBEDU  |d 2019-11-22  |i 4902319  |l 1  |o 814 THO 2006  |p 4902319  |r 2022-03-30  |s 2022-03-24  |w 2019-11-22  |y BK  |k FIL